Państwa najbliżej Izraela - Statystyki

Ogólne statystyki
  • Ten quiz został rozwiązany 3 519 razy
  • Średni wynik to 17 z 20
Statystyki odpowiedzi
km Państwo % Poprawnych
16 Arabia Saudyjska
95%
0 Egipt
95%
291 Irak
95%
906 Iran
95%
285 Turcja
95%
0 Syria
93%
0 Jordania
91%
0 Liban
89%
0 Palestyna
89%
228 Cypr
87%
1057 Gruzja
85%
1047 Armenia
84%
1082 Azerbejdżan
84%
723 Grecja
84%
834 Libia
81%
1093 Kuwejt
79%
1188 Rosja
76%
833 Sudan
70%
1169 Bułgaria
66%
1314 Rumunia
48%
Nie znaleziono quizów pasujących do podanych kryteriów
Rozkład punktacji
Procent ludzi z każdym wynikiem
Percentyl według liczby udzielonych odpowiedzi
Twoja historia wyników
Nie rozwiązałeś tego quizu